Medieval Persia 1040-1797 / (Record no. 1848590)

MARC details
000 -LEADER
fixed length control field 00549cam a2200217 i 4500
003 - CONTROL NUMBER IDENTIFIER
control field OSt
005 - DATE AND TIME OF LATEST TRANSACTION
control field 20260428111052.0
008 - FIXED-LENGTH DATA ELEMENTS--GENERAL INFORMATION
fixed length control field 150508s2016 enkab b 001 0 eng
020 ## - INTERNATIONAL STANDARD BOOK NUMBER
Canceled/invalid ISBN 9780582493247
040 ## - CATALOGING SOURCE
Language of cataloging HDL
Transcribing agency HDL
041 ## - LANGUAGE CODE
Language code of text/sound track or separate title eng
082 00 - DEWEY DECIMAL CLASSIFICATION NUMBER
Classification number 955.02 N8
100 1# - MAIN ENTRY--PERSONAL NAME
Personal name Morgan, David,
245 10 - TITLE STATEMENT
Title Medieval Persia 1040-1797 /
Statement of responsibility, etc. David Morgan.
250 ## - EDITION STATEMENT
Edition statement Second edition.
264 #1 - PRODUCTION, PUBLICATION, DISTRIBUTION, MANUFACTURE, AND COPYRIGHT NOTICE
Place of production, publication, distribution, manufacture New York
Name of producer, publisher, distributor, manufacturer Longman Group
Date of production, publication, distribution, manufacture, or copyright notice 1988
300 ## - PHYSICAL DESCRIPTION
Extent xvii, 198 p.
651 #0 - SUBJECT ADDED ENTRY--GEOGRAPHIC NAME
Geographic name Iran
General subdivision History
9 (RLIN) 1235831
942 ## - ADDED ENTRY ELEMENTS (KOHA)
Source of classification or shelving scheme Colon Classification (CC)
Koha item type Textual
Suppress in OPAC No
Holdings
Withdrawn status Lost status Source of classification or shelving scheme Damaged status Not for loan Home library Current library Date acquired Total Checkouts Date last seen Price effective from Koha item type
    Colon Classification (CC)     Department of History Library Department of History Library 2026-04-28   2026-04-28 2026-04-28 Textual
Copyright @ Delhi University Library System